00482 2200169 4500245006600000020002200066250001100088100002100099700002300120650002700143005001900170260005500189041001400244084002500258300002000283336000900303 aKeindahan Tersembunyi di Bhumi KadiricSukawati SusetyohText a978-979-8041-66-2 aCet. 1 aSukawati Susetyo aBAMBANG BUDI UTOMO aRumah Peradaban Kediri a20240902095757 aJakartabPusat Penelitian Arkeologi Nasionalc2018 aIndonesia aSeri rumah peradaban a48 Hlm., 21cm : atext